|
|
|
|
| LEADER |
00000nam0a2200000 4500 |
| 001 |
112568 |
| 005 |
20231031121505.0 |
| 035 |
|
|
|a (RuTPU)RU\TPU\book\121720
|
| 090 |
|
|
|a 112568
|
| 100 |
|
|
|a 20070329d1979 m y0rusy50 ca
|
| 101 |
0 |
|
|a rus
|
| 102 |
|
|
|a RU
|
| 105 |
|
|
|a a z 001zy
|
| 200 |
1 |
|
|a Способы соединения деталей из пластических масс
|f Г. В. Комаров
|
| 210 |
|
|
|a Москва
|c Химия
|d 1979
|
| 215 |
|
|
|a 288 с.
|c ил.
|
| 320 |
|
|
|a Библиогр.: с. 264-278.
|
| 320 |
|
|
|a Предметный указатель: с. 279-286.
|
| 610 |
1 |
|
|a соединения
|
| 610 |
1 |
|
|a детали
|
| 610 |
1 |
|
|a пластические массы
|
| 610 |
1 |
|
|a крепление
|
| 610 |
1 |
|
|a конструирование
|
| 610 |
1 |
|
|a технология
|
| 610 |
1 |
|
|a свойства
|
| 610 |
1 |
|
|a сварка
|
| 610 |
1 |
|
|a склеивание
|
| 675 |
|
|
|a 678.5.029.4
|v 3
|
| 700 |
|
1 |
|a Комаров
|b Г. В.
|g Герман Вячеславович
|
| 801 |
|
1 |
|a RU
|b 63413507
|c 20070329
|g PSBO
|
| 801 |
|
2 |
|a RU
|b 63413507
|c 20080219
|g PSBO
|
| 942 |
|
|
|c BK
|